<?xml version="1.0" encoding="UTF-8"?>
<collection xmlns:xsi="http://www.w3.org/2001/XMLSchema-instance" xsi:schemaLocation="http://www.loc.gov/MARC21/slim http://www.loc.gov/standards/marcxml/schema/MARC21slim.xsd" xmlns="http://www.loc.gov/MARC21/slim">
 <record>
  <leader>00000cam a22000004i 4500</leader>
  <controlfield tag="001">UP-99796217613057127</controlfield>
  <controlfield tag="003">Buklod</controlfield>
  <controlfield tag="005">20190627144003.0</controlfield>
  <controlfield tag="006">a     r    |||| u|</controlfield>
  <controlfield tag="007">ta</controlfield>
  <controlfield tag="008">160610s2017    enkab   rb   |001 0|eng d</controlfield>
  <datafield tag="020" ind1=" " ind2=" ">
   <subfield code="a">9781472524751 (paperback)</subfield>
  </datafield>
  <datafield tag="035" ind1=" " ind2=" ">
   <subfield code="a">(iLib)UPD-00405466359</subfield>
  </datafield>
  <datafield tag="037" ind1=" " ind2=" ">
   <subfield code="a">SS-11838</subfield>
   <subfield code="b">Belview</subfield>
   <subfield code="c">Php2,050.00</subfield>
   <subfield code="n">Dr. M. Camagay</subfield>
  </datafield>
  <datafield tag="040" ind1=" " ind2=" ">
   <subfield code="a">DLC</subfield>
   <subfield code="d">DMLS</subfield>
   <subfield code="e">rda</subfield>
  </datafield>
  <datafield tag="041" ind1=" " ind2=" ">
   <subfield code="a">eng</subfield>
  </datafield>
  <datafield tag="042" ind1=" " ind2=" ">
   <subfield code="a">DMLUC</subfield>
  </datafield>
  <datafield tag="090" ind1=" " ind2=" ">
   <subfield code="a">D 843</subfield>
   <subfield code="b">B45 2017</subfield>
  </datafield>
  <datafield tag="100" ind1="1" ind2=" ">
   <subfield code="a">Bell, P. M. H.</subfield>
   <subfield code="q">(Philip Michael Hett)</subfield>
   <subfield code="d">1930-</subfield>
   <subfield code="e">author.</subfield>
  </datafield>
  <datafield tag="245" ind1="1" ind2="4">
   <subfield code="a">The world since 1945</subfield>
   <subfield code="b">an international history</subfield>
   <subfield code="c">P.M.H. Bell and Mark Gilbert.</subfield>
  </datafield>
  <datafield tag="250" ind1=" " ind2=" ">
   <subfield code="a">Second edition.</subfield>
  </datafield>
  <datafield tag="264" ind1=" " ind2="1">
   <subfield code="a">London</subfield>
   <subfield code="b">Bloomsbury Academic, an imprint of Bloomsbury Publishing Plc</subfield>
   <subfield code="c">2017.</subfield>
  </datafield>
  <datafield tag="300" ind1=" " ind2=" ">
   <subfield code="a">vi, 573 pages</subfield>
   <subfield code="b">illustrations, maps</subfield>
   <subfield code="c">25 cm</subfield>
  </datafield>
  <datafield tag="336" ind1=" " ind2=" ">
   <subfield code="a">text</subfield>
   <subfield code="2">rdacontent</subfield>
  </datafield>
  <datafield tag="337" ind1=" " ind2=" ">
   <subfield code="a">unmediated</subfield>
   <subfield code="2">rdamedia</subfield>
  </datafield>
  <datafield tag="338" ind1=" " ind2=" ">
   <subfield code="a">volume</subfield>
   <subfield code="2">rdacarrier</subfield>
  </datafield>
  <datafield tag="504" ind1=" " ind2=" ">
   <subfield code="a">Includes bibliographical references and index</subfield>
  </datafield>
  <datafield tag="505" ind1="0" ind2=" ">
   <subfield code="a">1. The Second World War and its consequences -- 2. The beginning of the post-war world -- - 3. The antagonists -- 4. From Potsdam to the Marshall Plan, 1945-47 -- 5. From the Prague Coup to the North Atlantic Treaty, 1948-49 -- 6. From Korea to Hungary, 1949-1956 -- 7. The Berlin and Cuba Crises, 1957-1962 -- Reflection: The Cold War in its early phases -- 8. The Middle East, 1945-c. 1962 -- 9. Transformation in Asia, 1945-1962 -- 10. The New Africa -- 11. The Bandung Conference, 1955 and non-alignment -- 12. Latin America Contested, 1945-1973 -- Reflection: The Third World --  13. The Cold War and détente, 1963-1969 -- 14. The high tide of détente, 1969-1975 -- 15. The end of détente, 1976-1980 -- Reflection: The essence of détente -- [IV] The Changing World Order, 1960s-1990s -- 16. The Rise of Asia -- 17. Turmoil in Africa -- 18. Latin America in World Affairs, 1970s-1990s -- 19. The Arab-Israeli Conflict, 1963-1982 -- 20. The Geopolitics of Oil -- Reflection: Where is Europe? -- [V] The Ending of the Cold War -- 21. Renewed Cold War, 1980-85 -- 22. Gorbachev and Reagan, 1985-88 -- 23. Three years that shook the world, 1989-91 -- Reflection: The Cold War in Retrospect -- 24. Global Issues -- 25. Nationalism, Political Conflict, and War in Europe -- 26. The Wounded Hegemon -- 27. Democracy and Human Rights.</subfield>
  </datafield>
  <datafield tag="520" ind1="2" ind2=" ">
   <subfield code="a">&quot;A comprehensive survey of international affairs from the end of the Second World War, through to the Cold War and up to the present day&quot;--Provided by publisher.</subfield>
  </datafield>
  <datafield tag="520" ind1="2" ind2=" ">
   <subfield code="a">&quot;A masterly synthesis of the history of the contemporary world, The World Since 1945 offers the ideal introduction to the events of the period between the end of the Second World War and the present day. P.M.H. Bell and Mark Gilbert balance a clear narrative with in-depth analysis to guide the reader through the aftermath of the Second World War, the Cold War, decolonization, Détente and the Arab-Israeli Conflict, up to the on-going ethnic strife and political instability of the 21st century. The new edition has been thoroughly revised to fully reflect developments in the history and historiography of the post-war world, and features five new chapters on the post-Cold War world, covering topics including: the rise and fall of American hegemony; the decline of Europe; the rise of Asia; political Islam as a global force. The World Since 1945 challenges us to better understand what happened and why in the post-war period and shows the ways in which the past continues to exercise a profound influence on the present. It is essential reading for any student of contemporary history&quot;--Provided by publisher.</subfield>
  </datafield>
  <datafield tag="650" ind1=" " ind2="0">
   <subfield code="a">History, Modern</subfield>
   <subfield code="y">1945-1989.</subfield>
  </datafield>
  <datafield tag="650" ind1=" " ind2="0">
   <subfield code="a">History, Modern</subfield>
   <subfield code="y">1989-</subfield>
  </datafield>
  <datafield tag="650" ind1=" " ind2="0">
   <subfield code="a">World politics</subfield>
   <subfield code="y">1945-1989.</subfield>
  </datafield>
  <datafield tag="650" ind1=" " ind2="0">
   <subfield code="a">World politics</subfield>
   <subfield code="y">1989-</subfield>
  </datafield>
  <datafield tag="650" ind1=" " ind2="0">
   <subfield code="a">International relations</subfield>
   <subfield code="x">History</subfield>
   <subfield code="y">20th century.</subfield>
  </datafield>
  <datafield tag="650" ind1=" " ind2="0">
   <subfield code="a">International relations</subfield>
   <subfield code="x">History</subfield>
   <subfield code="y">21st century.</subfield>
  </datafield>
  <datafield tag="700" ind1="1" ind2=" ">
   <subfield code="a">Gilbert, Mark</subfield>
   <subfield code="d">1961-</subfield>
   <subfield code="e">author.</subfield>
  </datafield>
  <datafield tag="905" ind1=" " ind2=" ">
   <subfield code="a">FO</subfield>
  </datafield>
  <datafield tag="852" ind1="0" ind2=" ">
   <subfield code="a">UPD</subfield>
   <subfield code="b">DMLS</subfield>
   <subfield code="h">D 843</subfield>
   <subfield code="i">B45 2017</subfield>
  </datafield>
  <datafield tag="942" ind1=" " ind2=" ">
   <subfield code="a">Book</subfield>
  </datafield>
 </record>
</collection>
